[Event "Cali op-C 11th"]
[Site "Cali"]
[Date "2009.12.28"]
[Round "5.15"]
[White "Diaz, Jose Fernando"]
[Black "Guarin, Holmes"]
[Result "0-1"]
[WhiteElo "1625"]
[BlackElo "1683"]
[PlyCount "44"]
[EventDate "2009.12.26"]
[EventType "swiss"]
[EventRounds "8"]
[EventCountry "COL"]
[SourceTitle "EXT 2024"]
[Source "ChessBase"]
[SourceDate "2023.10.10"]
[SourceVersion "1"]
[SourceVersionDate "2023.10.10"]
[SourceQuality "1"]

1. e4 e5 2. Nf3 d6 3. Bc4 c6 4. 0-0 Be7 5. d4 Nd7 6. Kh1 Ngf6 7. dxe5 dxe5 8. Qe2 0-0 9. Rd1 Qc7 10. Nc3 b5 11. Bb3 a5 12. a3 a4 13. Ba2 b4 14. axb4 Bxb4 15. Bd2 Nc5 16. Bg5 Ba6 17. Bc4 Bxc3 18. Bxf6 Bxb2 19. Bxg7 Kxg7 20. Nh4 Bxc4 21. Nf5+ Kh8 22. Qxc4 Ne6 0-1